000 00297nam a22001097a 4500
008 230620b xxu||||| |||| 00| 0 eng d
082 _a320
_bTHO 1956
245 _aHistory of British Politics From the Year 1900
260 _aLondon
_bHerbert Jenkins Ltd
_c1956
300 _aXI,223p
942 _2ddc
_cBK
999 _c1614
_d1614